| 000 | 00000nam 2200000za 4500 |
| 001 | 9.826893 |
| 003 | CaOODSP |
| 005 | 20221107144704 |
| 007 | cr ||||||||||| |
| 008 | 161103s1996 onc #o f000 0 fre d |
| 020 | |z0-660-95370-6 |
| 040 | |aCaOODSP|bfre |
| 043 | |an-cn--- |
| 086 | 1 |aBT22-48/1996F-PDF|zBT22-48-1996F |
| 110 | 1 |aCanada. |bMinistère des finances. |
| 245 | 13|aLa régie des sociétés d'État et autres entreprises publiques |h[ressource électronique] : |blignes directrices / |cSecteur des sociétés d'État et de la privatisation, Ministère des finances et Conseil du Trésor du Canada. |
| 260 | |aOttawa : |bMinistère des finances et Conseil du Trésor du Canada, |cc1996. |
| 300 | |avii, 16 p. |
| 500 | |aPublié aussi en anglais sous le titre : Corporate governance in crown corporations and other public enterprises: guidelines. |
| 500 | |aÉdition numérisée de l’imprimé [par Finance Canada]. |
| 500 | |a« Secteur des sociétés d'État et de la privatisation. » |
| 504 | |aComprend des références bibliographiques. |
| 520 | |a« Les présentes Lignes directrices sur la régie des sociétés d'État et autres entreprises publiques visent à aider les personnes chargées de surveiller l'administration de sociétés du secteur public à mieux comprendre la nature et l'importance de leurs fonctions de régie des sociétés. Les lignes directrices se fondent sur celles que le conseil d'administration de la Bourse de Toronto a adoptées en 1995. ... »--Intro. |
| 692 | 07|2gccst|aSociété d'État |
| 692 | 07|2gccst|aSecteur public |
| 710 | 1 |aCanada. |bConseil du trésor. |
| 775 | 08|tCorporate governance in crown corporations and other public enterprises |w(CaOODSP)9.822217 |
| 856 | 40|qPDF|s1.08 Mo|uhttps://publications.gc.ca/collections/collection_2016/fin/BT22-48-1996-fra.pdf |